Statistiques concernant Clubs de Serie A (2021-2022)

Cliquez ici pour prendre le quiz!

Statistiques générales

  • Ce quiz a été pris 377 fois
  • Le résultat moyen est 13 sur 20

Statistiques - réponses

Serie A% Correct
AC Milan
98%
Inter Milan
98%
Juventus Turin
98%
AS Rome
94%
SSC Naples
90%
SS Lazio
90%
ACF Fiorentina
75%
Atalanta Bergame
75%
Torino FC
70%
US Sassuolo
69%
Hellas Verone
60%
Bologne FC 1909
59%
Cagliari Calcio
57%
Genoa CFC
57%
UC Sampdoria
55%
Udinese Calcio
54%
Venise FC
50%
Empoli FC
44%
Spezia Calcio
37%
US Salernitana
1%

Distribution des résultats

Percentile par nombre de réponses

% des personnes avec chaque résultat

Votre développement - résultats

Vous n’avez pas pris ce quiz